000 00269nam a2200109Ia 4500
008 220204s9999 xx 000 0 und d
082 _a330.322
_bSHA
100 _aSHANBAG, b N
245 0 _aIn the wonderland of investment
260 _aBombay
_bJaico
_c1979
942 _cBK
999 _c33604
_d33604